[Event "Tbilisi Champions Cup"]
[Site "Tbilisi"]
[Date "2023.10.15"]
[Round "3"]
[White "Tsanatsqenishvili, Alexandre"]
[Black "Kiladze, Luka"]
[Result "0-1"]
[WhiteElo "2015"]
[BlackElo "2163"]
[PlyCount "116"]
[EventDate "2023.10.13"]
[EventType "swiss"]
[EventRounds "9"]
[EventCountry "GEO"]
[SourceTitle "Mega2024 Update 01"]
[Source "Chessbase"]
[SourceDate "2023.11.12"]
[SourceVersion "1"]
[SourceVersionDate "2023.11.12"]
[SourceQuality "1"]

1. e4 c5 2. Nf3 Nc6 3. d3 g6 4. g3 Bg7 5. Bg2 Nf6 6. 0-0 d5 7. Nbd2 0-0 8. Re1 Re8 9. c3 e5 10. Qb3 d4 11. cxd4 cxd4 12. Nc4 Qc7 13. Bd2 Be6 14. Ng5 Bxc4 15. Qxc4 h6 16. Nf3 Qd7 17. Rac1 Rec8 18. Qb5 Ne8 19. h4 Qe6 20. a3 Nd6 21. Qd5 Rd8 22. Qxe6 fxe6 23. Bh3 Kf7 24. Rc5 Rdc8 25. Rec1 a5 26. Kf1 a4 27. Ke2 Ke7 28. Nh2 Rh8 29. f4 exf4 30. gxf4 Ra6 31. Nf3 Rb6 32. R1c2 Rb3 33. Ne5 Bxe5 34. fxe5 Nxe4 35. R5c4 Ng3+ 36. Ke1 Nxe5 37. Rc7+ Kf6 38. Kf2 Nf5 39. h5 Nxd3+ 40. Kg1 Ne5 41. Bg2 gxh5 42. Bf4 Rg8 43. Kh1 Nd3 44. Bd2 Nf2+ 45. Kh2 Ng4+ 46. Kh1 h4 47. Bf4 h3 48. Bxb7 Nfe3 49. Re2 Rd3 50. Rc1 Rd1+ 51. Rxd1 Nxd1 52. Bg3 Nde3 53. Be4 Rc8 54. Bh4+ Ke5 55. Bd3 Rc1+ 56. Re1 Rxe1+ 57. Bxe1 Kf4 58. Bb5 Ng2 0-1

[Event "EU-ch Schools U17"]
[Site "Tornelo INT"]
[Date "2021.12.10"]
[Round "3"]
[White "Tsanatsqenishvili, Alexandre"]
[Black "Akbas, Umut Ata"]
[Result "0-1"]
[WhiteElo "1750"]
[BlackElo "2280"]
[PlyCount "120"]
[EventDate "2021.12.03"]
[EventType "swiss (rapid)"]
[EventRounds "7"]
[EventCountry "NET"]
[SourceTitle "EXT 2023"]
[Source "ChessBase"]
[SourceDate "2022.10.05"]
[SourceVersion "1"]
[SourceVersionDate "2022.10.05"]
[SourceQuality "1"]

1. e4 c5 2. d4 cxd4 3. c3 Nf6 4. e5 Nd5 5. Bc4 Nb6 6. Bb3 d6 7. exd6 e6 8. cxd4 Bxd6 9. Nf3 Nc6 10. 0-0 0-0 11. Nc3 Nb4 12. Ne5 N4d5 13. Re1 Bd7 14. Qh5 Nf6 15. Qh4 Be7 16. Bg5 Nfd5 17. Bc2 h6 18. Bxe7 Qxe7 19. Qe4 g6 20. Nxg6 fxg6 21. Nxd5 Nxd5 22. Qxd5 Qf7 23. Qf3 Qxf3 24. gxf3 Rxf3 25. Bxg6 Raf8 26. Re2 Bb5 27. Rxe6 Rxf2 28. Be4 R2f4 29. Bxb7 Rg4+ 30. Bg2 Rc8 31. h3 Rg7 32. Kh1 Bc4 33. d5 Rxg2 34. Kxg2 Bxd5+ 35. Kg3 Bxe6 36. Re1 Kf7 37. Re4 Rc2 38. Ra4 Rxb2 39. Rxa7+ Kf6 40. Rh7 Kg6 41. Ra7 Rxa2 42. Re7 Ra3+ 43. Kf4 Bxh3 44. Rb7 Ra4+ 45. Kg3 Bf5 46. Rb6+ Kg5 47. Rb5 Ra3+ 48. Kf2 h5 49. Kg2 h4 50. Kh2 Ra2+ 51. Kg1 h3 52. Rb4 Bg4 53. Rb5+ Kh4 54. Rb3 Be6 55. Rd3 Bc4 56. Rd8 Kg3 57. Rd1 h2+ 58. Kh1 Bd5+ 59. Rxd5 Ra1+ 60. Rd1 Rxd1# 0-1

[Event "EU-ch Schools U17"]
[Site "Tornelo INT"]
[Date "2021.12.10"]
[Round "3"]
[White "Tsanatsqenishvili, Alexandre"]
[Black "Akbas, Umut Ata"]
[Result "1/2-1/2"]
[WhiteElo "1750"]
[BlackElo "2280"]
[PlyCount "147"]
[EventDate "2021.12.03"]
[EventType "swiss (rapid)"]
[EventRounds "7"]
[EventCountry "NET"]
[SourceTitle "EXT 2023"]
[Source "ChessBase"]
[SourceDate "2022.10.05"]
[SourceVersion "1"]
[SourceVersionDate "2022.10.05"]
[SourceQuality "1"]

1. e4 c5 2. Nf3 d6 3. d3 Nf6 4. g3 g6 5. Bg2 Bg7 6. 0-0 0-0 7. c3 Nc6 8. Re1 e5 9. a4 a6 10. Nbd2 Rb8 11. Nc4 b5 12. axb5 axb5 13. Ne3 h6 14. h3 Re8 15. Nh2 Be6 16. Bd2 d5 17. Nhg4 d4 18. Nxf6+ Bxf6 19. Ng4 Bxg4 20. Qxg4 dxc3 21. bxc3 Qxd3 22. Bxh6 Qxc3 23. Rec1 Qb4 24. Rab1 Qa3 25. Ra1 Qb4 26. h4 Kh7 27. Be3 Nd4 28. h5 Ra8 29. hxg6+ fxg6 30. Rab1 Qa3 31. Bxd4 cxd4 32. Rc7+ Re7 33. Rxe7+ Qxe7 34. Rxb5 Rd8 35. Bf1 d3 36. Rb6 Rd6 37. Rb8 Rd8 38. Rb6 Rd6 39. Rb3 d2 40. Be2 Qd7 41. Qxd7+ Rxd7 42. Bd1 Rc7 43. Kf1 Rc4 44. f3 Bg5 45. Ke2 Rd4 46. Rb5 Bf6 47. Rb6 Bg7 48. Bb3 Kh6 49. Rb7 Bf6 50. Rf7 Bg7 51. Bd1 Rd6 52. Re7 Rd4 53. Rb7 Rd6 54. Rb2 Rd4 55. Rxd2 Rxd2+ 56. Kxd2 Bf6 57. Kd3 Kg7 58. Kc4 Be7 59. Kd5 Kf6 60. Ba4 Ba3 61. Be8 Bc1 62. Bd7 Be3 63. Bh3 Bf2 64. g4 Bg3 65. Bg2 Bf4 66. Bf1 g5 67. Kd6 Kg7 68. Bd3 Kh6 69. Bc4 Kg7 70. Ke6 Kg6 71. Ke7 Kg7 72. Ke6 Kg6 73. Ke7 Kg7 74. Ke6 1/2-1/2

[Event "Gaprindashvili Cup op 2nd"]
[Site "Tornelo INT"]
[Date "2020.11.08"]
[Round "3"]
[White "Qalichava, Akaki"]
[Black "Tsanatsqenishvili, Alexandre"]
[Result "1-0"]
[WhiteElo "1877"]
[BlackElo "1702"]
[PlyCount "81"]
[EventDate "2020.11.08"]
[EventType "swiss (rapid)"]
[EventRounds "9"]
[EventCountry "GEO"]
[SourceTitle "CBM 199 Extra"]
[Source "ChessBase"]
[SourceDate "2021.01.31"]
[SourceVersion "1"]
[SourceVersionDate "2021.01.31"]
[SourceQuality "1"]

1. e4 Nf6 2. e5 Nd5 3. d4 d6 4. c4 Nb6 5. Nf3 Bg4 6. exd6 cxd6 7. Be2 Nc6 8. b3 g6 9. Nc3 Bg7 10. Be3 0-0 11. 0-0 h6 12. h3 Bxf3 13. Bxf3 f5 14. Qd2 g5 15. d5 Ne5 16. Bd1 Rc8 17. Bxb6 Qxb6 18. Rc1 f4 19. Bc2 Qb4 20. Bb1 Rf6 21. Qc2 a6 22. Qh7+ Kf7 23. Bf5 Rh8 24. Be6+ Kf8 25. Qc2 h5 26. Ne4 g4 27. Nxf6 Bxf6 28. Qe4 gxh3 29. Bxh3 f3 30. gxf3 Qd2 31. Qe3 Qxa2 32. Be6 h4 33. f4 Ng6 34. Kh1 Rh7 35. Rg1 Rg7 36. Bf5 Nh8 37. Rxg7 Kxg7 38. Rg1+ Kh6 39. Be6 Qc2 40. f5+ Kh7 41. Bg8# 1-0